Tous les Pokémons selon leur image (#0001 to #1025) - Statistiques

Statistiques générales
  • Ce quiz a été pris 621 fois
    602 depuis la dernière actualisation
  • Le résultat moyen est 439 sur 1025
Statistiques - réponses
Type de quiz Pokémon % Correct
#0001 Plante Poison Bulbizarre
96%
#0004 Feu Salamèche
95%
#0009 Eau Tortank
95%
#0007 Eau Carapuce
94%
#0006 Feu Vol Dracaufeu
94%
#0003 Plante Poison Florizarre
93%
#0005 Feu Reptincel
92%
#0025 Électrik Pikachu
91%
#0002 Plante Poison Herbizarre
90%
#0010 Insecte Chenipan
89%
#0026 Électrik Raichu
89%
#0019 Normal Rattata
89%
#0008 Eau Carabaffe
88%
#0012 Insecte Vol Papilusion
88%
#0013 Insecte Poison Aspicot
87%
#0020 Normal Rattatac
87%
#0039 Normal Fée Rondoudou
87%
#0016 Normal Vol Roucool
87%
#0023 Poison Abo
86%
#0173 Fée Mélo
86%
#0018 Normal Vol Roucarnage
86%
#0017 Normal Vol Roucoups
86%
#0037 Feu Goupix
85%
#0011 Insecte Chrysacier
84%
#0038 Feu Feunard
84%
#0035 Fée Mélofée
84%
#0034 Poison Sol Nidoking
84%
#0052 Normal Miaouss
83%
#0031 Poison Sol Nidoqueen
83%
#0029 | #0032 Poison Nidoran
83%
#0030 Poison Nidorina
83%
#0033 Poison Nidorino
83%
#0027 Sol Sabelette
82%
#0024 Poison Arbok
81%
#0059 Feu Arcanin
81%
#0014 Insecte Poison Coconfort
81%
#0148 Dragon Draco
81%
#0133 Normal Évoli
81%
#0040 Normal Fée Grodoudou
81%
#0036 Fée Mélodelfe
81%
#0151 Psy Mew
81%
#0041 Poison Vol Nosferapti
81%
#0054 Eau Psykokwak
81%
#0074 Roche Sol Racaillou
81%
#0063 Psy Abra
80%
#0134 Eau Aquali
80%
#0058 Feu Caninos
80%
#0015 Insecte Poison Dardargnan
80%
#0089 Poison Grotadmorv
80%
#0130 Eau Vol Léviator
80%
#0066 Combat Machoc
80%
#0150 Psy Mewtwo
80%
#0043 Plante Poison Mystherbe
80%
#0095 Roche Sol Onix
80%
#0077 Feu Ponyta
80%
#0028 Sol Sablaireau
80%
#0050 Sol Taupiqueur
80%
#0961 Eau Triopikeau
80%
#0135 Électrik Voltali
80%
#0065 Psy Alakazam
79%
#0067 Combat Machopeur
79%
#0129 Eau Magicarpe
79%
#0021 Normal Vol Piafabec
79%
#0136 Feu Pyroli
79%
#0079 Eau Psy Ramoloss
79%
#0143 Normal Ronflex
79%
#0088 Poison Tadmorv
79%
#0149 Dragon Vol Dracolosse
78%
#0081 Électrik Acier Magnéti
78%
#0132 Normal Métamorph
78%
#0147 Dragon Minidraco
78%
#0042 Poison Vol Nosferalto
78%
#0120 Eau Stari
78%
#0057 Combat Colossinge
77%
#0084 Normal Vol Doduo
77%
#0094 Spectre Poison Ectoplasma
77%
#0092 Spectre Poison Fantominus
77%
#0056 Combat Férosinge
77%
#0078 Feu Galopa
77%
#0076 Roche Sol Grolem
77%
#0064 Psy Kadabra
77%
#0068 Combat Mackogneur
77%
#0082 Électrik Acier Magnéton
77%
#0197 Ténèbres Noctali
77%
#0137 Normal Porygon
77%
#0060 Eau Ptitard
77%
#0109 Poison Smogo
77%
#0110 Poison Smogogo
77%
#0146 Feu Vol Sulfura
77%
#0072 Eau Poison Tentacool
77%
#0073 Eau Poison Tentacruel
77%
#0055 Eau Akwakwak
76%
#0083 Normal Vol Canarticho
76%
#0123 Insecte Vol Insécateur
76%
#0124 Glace Psy Lippoutou
76%
#0102 Plante Psy Noeunoeuf
76%
#0044 Plante Poison Ortide
76%
#0104 Ground Osselait
76%
#0046 Insecte Plante Paras
76%
#0053 Normal Persian
76%
#0045 Plante Poison Rafflesia
76%
#0121 Eau Psy Staross
76%
#0128 Normal Tauros
76%
#0100 Électrik Voltorbe
76%
#0144 Glace Vol Artikodin
75%
#0070 Plante Poison Boustiflor
75%
#0098 Water Krabby
75%
#0105 Ground Ossatueur
75%
#0172 Électrik Pichu
75%
#0118 Eau Poissirène
75%
#0093 Spectre Poison Spectrum
75%
#0075 Roche Sol Gravalanch
74%
#0126 Feu Magmar
74%
#0196 Psy Mentali
74%
#0142 Roche Vol Ptéra
74%
#0022 Normal Vol Rapasdepic
74%
#0069 Plante Poison Chétiflor
73%
#0071 Plante Poison Empiflor
73%
#0080 Eau Psy Flagadoss
73%
#0115 Normal Kangourex
73%
#0106 Combat Kicklee
73%
#0099 Water Krabboss
73%
#0113 Normal Leveinard
73%
#0122 Psy Fée M. Mime
73%
#0107 Combat Tygnon
73%
#0101 Électrik Électrode
72%
#0108 Normal Excelangue
72%
#0155 Feu Héricendre
72%
#0158 Eau Kaiminus
72%
#0131 Eau Ice Lokhlass
72%
#0048 Insecte Poison Mimitoss
72%
#0103 Plante Psy Noadkoko
72%
#0047 Insecte Plante Parasect
72%
#0085 Normal Vol Dodrio
71%
#0145 Électrik Vol Électhor
71%
#0111 Sol Roche Rhinocorne
71%
#0062 Eau Combat Tartard
71%
#0125 Électrik Élektek
70%
#0152 Plante Germignon
70%
#0163 Normal Vol Hoothoot
70%
#0097 Psy Hypnomade
70%
#0116 Eau Hypotrempe
70%
#0087 Eau Glace Lamantine
70%
#0169 Poison Vol Nostenfer
70%
#0086 Eau Otaria
70%
#0112 Sol Roche Rhinoféros
70%
#0127 Bug Scarabrute
70%
#0061 Eau Têtarte
70%
#0175 Fée Togepi
70%
#0051 Sol Triopikeur
70%
#0251 Psy Plante Celebi
69%
#0091 Eau Glace Crustabri
69%
#0117 Eau Hypocéan
69%
#0119 Eau Poissoroy
69%
#0185 Roche Simularbre
69%
#0208 Steel Sol Steelix
69%
#0194 Eau Sol Axoloto
68%
#0190 Normal Capumain
68%
#0198 Ténèbres Vol Cornèbre
68%
#0140 Roche Eau Kabuto
68%
#0249 Psy Vol Lugia
68%
#0255 Feu Poussifeu
68%
#0096 Psy Soporifik
68%
#0201 Psy Zarbi
68%
#0049 Insecte Poison Aéromite
67%
#0139 Roche Eau Amonistar
67%
#0184 Eau Fée Azumarill
67%
#0250 Fire Vol Ho-Oh
67%
#0141 Roche Eau Kabutops
67%
#0183 Eau Fée Marill
67%
#0160 Eau Aligatueur
66%
#0138 Roche Eau Amonita
66%
#0090 Eau Kokiyas
66%
#0167 Insecte Poison Mimigal
66%
#0233 Normal Porygon2
66%
#0202 Psy Qulbutoké
66%
#0114 Plante Saquedeneu
66%
#0244 Feu Entei
65%
#0282 Psy Fée Gardevoir
65%
#0199 Eau Psy Roigada
65%
#0157 Feu Typhlosion
65%
#0229 Ténèbres Feu Démolosse
64%
#0245 Eau Suicune
64%
#0200 Spectre Feuforêve
63%
#0180 Électrik Lainergie
63%
#0177 Psy Vol Natu
63%
#0181 Électrik Pharamp
63%
#0280 Psy Fée Tarsal
63%
#0178 Psy Vol Xatu
63%
#0227 Acier Vol Airmure
62%
#0165 Insecte Vol Coxy
62%
#0257 Feu Combat Braségali
61%
#0258 Eau Gobou
61%
#0230 Eau Dragon Hyporoi
61%
#0228 Ténèbres Feu Malosse
61%
#0312 Électrik Négapi
61%
#0470 Plante Phyllali
61%
#0311 Électrik Posipi
61%
#0241 Normal Écrémeuh
60%
#0215 Ténèbres Glace Farfuret
60%
#0218 Feu Limagma
60%
#0474 Normal Porygon-Z
60%
#0243 Électrik Raikou
60%
#0393 Eau Tiplouf
60%
#0248 Roche Ténèbres Tyranocif
60%
#0217 Normal Ursaring
60%
#0252 Plante Arcko
59%
#0212 Insecte Acier Cizayox
59%
#0239 Électrik Élekid
59%
#0156 Feu Feurisson
59%
#0471 Glace Givrali
59%
#0281 Psy Fée Kirlia
59%
#0154 Plante Méganium
59%
#0320 Eau Wailmer
59%
#0179 Électrik Wattouat
59%
#0359 Ténèbres Absol
58%
#0203 Normal Psy Girafarig
58%
#0383 Sol Groudon
58%
#0170 Eau Électrik Loupio
58%
#0176 Fée Vol Togetic
58%
#0387 Plante Tortipouss
58%
#0321 Eau Wailord
58%
#0189 Plante Vol Cotovol
57%
#0483 Acier Dragon Dialga
57%
#0161 Normal Fouinette
57%
#0210 Fée Granbull
57%
#0206 Normal Insolourdo
57%
#0182 Plante Joliflor
57%
#0382 Eau Kyogre
57%
#0448 Combat Acier Lucario
57%
#0195 Eau Sol Maraiste
57%
#0261 Ténèbres Medhyèna
57%
#0164 Normal Vol Noarfang
57%
#0207 Sol Vol Scorplane
57%
#0302 Ténèbres Spectre Ténéfix
57%
#0468 Fée Vol Togekiss
57%
#0193 Insecte Vol Yanma
57%
#0522 Électrik Zébibron
57%
#0159 Eau Crocrodil
56%
#0513 Feu Flamajou
56%
#0256 Feu Combat Galifeu
56%
#0656 Eau Grenousse
56%
#0404 Électrik Luxio
56%
#0153 Plante Macronium
56%
#0462 Électrik Acier Magnézone
56%
#0168 Insecte Poison Migalos
56%
#0484 Eau Dragon Palkia
56%
#0384 Dragon Vol Rayquaza
56%
#0214 Insecte Combat Scarhino
56%
#0174 Normal Fée Toudoudou
56%
#0658 Eau Ténèbres Amphinobi
55%
#0225 Glace Vol Cadoizo
55%
#0246 Roche Sol Embrylex
55%
#0396 Normal Vol Étourmi
55%
#0515 Eau Flotajou
55%
#0304 Acier Roche Galekid
55%
#0306 Acier Roche Galeking
55%
#0187 Plante Vol Granivol
55%
#0385 Acier Psy Jirachi
55%
#0238 Glace Psychic Lippouti
55%
#0403 Électrik Lixy
55%
#0405 Électrik Luxray
55%
#0240 Feu Magby
55%
#0429 Spectre Magirêve
55%
#0220 Glace Sol Marcacrin
55%
#0700 Fée Nymphali
55%
#0390 Feu Ouisticram
55%
#0231 Sol Phanpy
55%
#0211 Eau Poison Qwilfish
55%
#0315 Plante Poison Rosélia
55%
#0299 Roche Tarinor
55%
#0263 Normal Zigzaton
55%
#0493 Normal Arceus
54%
#0265 Insecte Chenipotte
54%
#0222 Eau Rock Corayon
54%
#0226 Eau Vol Démanta
54%
#0380 Dragon Psy Latias
54%
#0381 Dragon Psy Latios
54%
#0395 Eau Acier Pingoléon
54%
#0204 Insecte Pomdepik
54%
#0235 Normal Queulorior
54%
#0377 Roche Regirock
54%
#0319 Eau Dark Sharpedo
54%
#0338 Roche Psy Solaroc
54%
#0216 Normal Teddiursa
54%
#0523 Électrik Zéblitz
54%
#0570 Ténèbres Zorua
54%
#0416 Insecte Vol Apireine
53%
#0234 Normal Cerfrousse
53%
#0166 Insecte Vol Coxyclaque
53%
#0232 Sol Donphan
53%
#0309 Électrik Dynavolt
53%
#0475 Psy Combat Gallame
53%
#0237 Combat Kapoera
53%
#0328 Sol Kraknoix
53%
#0171 Eau Électrik Lanturn
53%
#0427 Normal Laporeille
53%
#0253 Plante Massko
53%
#0376 Acier Psy Métalosse
53%
#0392 Feu Combat Simiabraz
53%
#0247 Roche Sol Ymphect
53%
#0334 Dragon Vol Altaria
52%
#0298 Normal Fée Azurill
52%
#0279 Eau Vol Bekipan
52%
#0445 Dragon Sol Carchacrok
52%
#0527 Psy Vol Chovsourir
52%
#0386 Psy Deoxys
52%
#0397 Normal Vol Étourvol
52%
#0653 Feu Feunnec
52%
#0514 Feu Flamoutan
52%
#0162 Normal Fouinar
52%
#0487 Spectre Dragon Giratina
52%
#0262 Ténèbres Grahyèna
52%
#0192 Plante Héliatronc
52%
#0254 Plante Jungko
52%
#0399 Normal Keunotor
52%
#0242 Normal Leuphorie
52%
#0519 Normal Vol Poichigeon
52%
#0378 Glace Regice
52%
#0379 Acier Registeel
52%
#0472 Sol Vol Scorvol
52%
#0209 Fée Snubbull
52%
#0186 Eau Tarpaud
52%
#0495 Plante Vipélierre
52%
#0644 Dragon Électrik Zekrom
52%
#0349 Eau Barpau
51%
#0310 Électrik Élecsprint
51%
#0398 Normal Vol Étouraptor
51%
#0305 Acier Roche Galegon
51%
#0260 Eau Sol Laggron
51%
#0473 Glace Sol Mammochon
51%
#0270 Eau Plante Nénupiot
51%
#0447 Combat Riolu
51%
#0300 Normal Skitty
51%
#0582 Glace Sorbébé
51%
#0325 Psy Spoink
51%
#0599 Acier Tic
51%
#0389 Plante Sol Torterra
51%
#0424 Normal Capidextre
50%
#0213 Insecte Roche Caratroc
50%
#0391 Feu Combat Chimpenfeu
50%
#0600 Acier Clic
50%
#0221 Glace Sol Cochignon
50%
#0430 Ténèbres Vol Corboss
50%
#0553 Sol Ténèbres Crocorible
50%
#0702 Électrik Fée Dedenne
50%
#0373 Dragon Vol Drattak
50%
#0466 Électrik Élekable
50%
#0511 Plante Feuillajou
50%
#0278 Eau Vol Goélise
50%
#0539 Combat Karaclée
50%
#0335 Normal Mangriff
50%
#0418 Eau Mustébouée
50%
#0419 Eau Mustéflott
50%
#0276 Normal Vol Nirondelle
50%
#0643 Dragon Feu Reshiram
50%
#0407 Plante Poison Roserade
50%
#0361 Glace Stalgamin
50%
#0191 Plante Tournegrin
50%
#0219 Feu Roche Volcaropod
50%
#0571 Ténèbres Zoroark
50%
#0602 Électrik Anchwatt
49%
#0415 Insecte Vol Apitrini
49%
#0534 Combat Bétochef
49%
#0323 Feu Sol Camérupt
49%
#0572 Normal Chinchidou
49%
#0293 Normal Chuchmur
49%
#0236 Combat Debugant
49%
#0587 Électrik Vol Emolga
49%
#0188 Plante Vol Floravol
49%
#0516 Eau Flotoutan
49%
#0330 Sol Dragon Libégon
49%
#0370 Eau Lovdisc
49%
#0307 Combat Psy Méditikka
49%
#0289 Normal Monaflèmit
49%
#0224 Eau Octillery
49%
#0486 Normal Regigigas
49%
#0336 Poison Séviper
49%
#0584 Glace Sorbouboul
49%
#0583 Glace Sorboul
49%
#0283 Insecte Water Arakdo
48%
#0425 Spectre Vol Baudrive
48%
#0465 Plante Bouldeneu
48%
#0354 Spectre Branette
48%
#0532 Combat Charpenti
48%
#0491 Ténèbres Darkrai
48%
#0621 Dragon Drakkarmin
48%
#0649 Insecte Acier Genesect
48%
#0446 Normal Goinfrex
48%
#0277 Normal Vol Hélédelle
48%
#0646 Dragon Glace Kyurem
48%
#0272 Eau Plante Ludicolo
48%
#0551 Sol Ténèbres Mascaïman
48%
#0479 Électrik Spectre Motisma
48%
#0292 Insecte Spectre Munja
48%
#0363 Glace Eau Obalie
48%
#0417 Électrik Pachirisu
48%
#0287 Normal Parecool
48%
#0394 Eau Prinplouf
48%
#0223 Eau Rémoraid
48%
#0624 Ténèbres Acier Scalpion
48%
#0625 Ténèbres Acier Scalproie
48%
#0469 Insecte Vol Yanméga
48%
#0631 Feu Aflamanoir
47%
#0559 Ténèbres Combat Baggiguane
47%
#0332 Plante Ténèbres Cacturne
47%
#0420 Plante Ceribou
47%
#0638 Steel Combat Cobaltium
47%
#0301 Normal Delcatty
47%
#0461 Ténèbres Glace Dimoret
47%
#0341 Eau Écrapince
47%
#0669 Fée Flabébé
47%
#0259 Eau Sol Flobio
47%
#0443 Dragon Sol Griknot
47%
#0426 Spectre Vol Grodrive
47%
#0467 Feu Maganon
47%
#0517 Psy Munna
47%
#0531 Normal Nanméouïe
47%
#0637 Insecte Feu Pyrax
47%
#0464 Sol Roche Rhinastoc
47%
#0528 Psy Vol Rhinolove
47%
#0529 Sol Rototaupe
47%
#0640 Plante Combat Viridium
47%
#0285 Plante Balignon
46%
#0340 Eau Sol Barbicha
46%
#0481 Psy Créfollet
46%
#0371 Dragon Draby
46%
#0623 Sol Ghost Golemastoc
46%
#0439 Psy Fée Mime Jr.
46%
#0524 Roche Nodulithe
46%
#0441 Normal Vol Pijako
46%
#0492 Plante Shaymin
46%
#0355 Spectre Skelénox
46%
#0595 Insecte Électrik Statitik
46%
#0476 Roche Acier Tarinorme
46%
#0275 Plante Ténèbres Tengalice
46%
#0716 Fée Xerneas
46%
#0331 Plante Cacnea
45%
#0286 Plante Combat Chapignon
45%
#0580 Eau Vol Couaneton
45%
#0463 Normal Coudlangue
45%
#0480 Psy Créhelf
45%
#0488 Psy Cresselia
45%
#0555 Feu Darumacho
45%
#0205 Insecte Acier Foretress
45%
#0607 Spectre Feu Funécire
45%
#0316 Poison Gloupti
45%
#0273 Plante Grainipiot
45%
#0485 Feu Acier Heatran
45%
#0538 Combat Judokrak
45%
#0603 Électrik Lampéroie
45%
#0618 Sol Électrik Limonde
45%
#0428 Normal Lockpin
45%
#0271 Eau Plante Lombre
45%
#0497 Plante Majaspic
45%
#0490 Eau Manaphy
45%
#0375 Acier Psy Métang
45%
#0569 Poison Miasmax
45%
#0350 Eau Milobellus
45%
#0530 Sol Acier Minotaupe
45%
#0434 Poison Ténèbres Moufouette
45%
#0303 Acier Fée Mysdibule
45%
#0274 Plante Ténèbres Pifeuil
45%
#0337 Roche Psy Séléroc
45%
#0442 Spectre Ténèbres Spiritomb
45%
#0494 Psy Feu Victini
45%
#0437 Acier Psy Archéodong
44%
#0560 Ténèbres Combat Baggaïd
44%
#0431 Normal Chaglam
44%
#0324 Feu Chartor
44%
#0482 Psy Créfadet
44%
#0521 Normal Vol Déflaisan
44%
#0410 Roche Acier Dinoclier
44%
#0546 Plante Fée Doudouvet
44%
#0365 Glace Eau Kaimorse
44%
#0647 Eau Combat Keldeo
44%
#0501 Eau Moustillon
44%
#0360 Psy Okéoké
44%
#0613 Glace Polarhume
44%
#0506 Normal Ponchiot
44%
#0500 Feu Combat Roitiflam
44%
#0717 Ténèbres Vol Yveltal
44%
#0718 Dragon Sol Zygarde
44%
#0436 Acier Psy Archéomire
43%
#0266 Insecte Armulys
43%
#0317 Poison Avaltout
43%
#0460 Plante Glace Blizzaroi
43%
#0641 Vol Boréas
43%
#0388 Plante Boskara
43%
#0295 Normal Brouhabam
43%
#0318 Eau Dark Carvanha
43%
#0400 Normal Eau Castorno
43%
#0322 Feu Sol Chamallot
43%
#0549 Plante Fragilady
43%
#0297 Combat Hariyama
43%
#0615 Glace Hexagel
43%
#0264 Normal Linéon
43%
#0650 Plante Marisson
43%
#0648 Normal Psy Meloetta
43%
#0291 Insecte Vol Ninjask
43%
#0477 Spectre Noctunoir
43%
#0353 Spectre Polichombr
43%
#0374 Acier Psy Terhal
43%
#0639 Roche Combat Terrakium
43%
#0722 Plante Vol Brindibou
42%
#0444 Dragon Sol Carmache
42%
#0610 Dragon Coupenotte
42%
#0554 Feu Darumarond
42%
#0645 Sol Vol Démétéros
42%
#0547 Plante Fée Farfaduvet
42%
#0642 Électrik Vol Fulguris
42%
#0526 Roche Gigalithe
42%
#0498 Feu Gruikui
42%
#0609 Spectre Feu Lugulabre
42%
#0604 Électrik Ohmassacre
42%
#0362 Glace Oniglali
42%
#0614 Glace Polagriffe
42%
#0357 Plante Vol Tropius
42%
#0333 Normal Vol Tylton
42%
#0543 Insecte Poison Venipatte
42%
#0701 Combat Vol Brutalibré
41%
#0454 Poison Combat Coatox
41%
#0366 Eau Coquiperl
41%
#0557 Insecte Roche Crabicoque
41%
#0657 Eau Croâporal
41%
#0358 Psy Éoko
41%
#0619 Combat Kungfouine
41%
#0496 Plante Lianaja
41%
#0792 Psy Spectre Lunala
41%
#0568 Poison Miamiasme
41%
#0351 Normal Morphéo
41%
#0596 Insecte Électrik Mygavolt
41%
#0533 Combat Ouvrifier
41%
#0573 Normal Pashmilla
41%
#0661 Normal Vol Passerouge
41%
#0489 Eau Phione
41%
#0507 Normal Ponchien
41%
#0327 Normal Spinda
41%
#0612 Dragon Tranchodon
41%
#0635 Ténèbres Dragon Trioxhydre
41%
#0707 Acier Fée Trousselin
41%
#0562 Spectre Tutafeh
41%
#0585 Normal Plante Vivaldaim
41%
#0458 Eau Vol Babimanta
40%
#0459 Plante Glace Blizzi
40%
#0308 Combat Psy Charmina
40%
#0412 Insecte Cheniti
40%
#0453 Poison Combat Cradopaud
40%
#0552 Sol Ténèbres Escroco
40%
#0727 Feu Ténèbres Félinferno
40%
#0632 Insecte Acier Fermite
40%
#0725 Feu Flamiaou
40%
#0499 Feu Combat Grotichon
40%
#0667 Feu Normal Hélionceau
40%
#0581 Eau Vol Lakmécygne
40%
#0674 Combat Pandespiègle
40%
#0406 Plante Poison Rozbouton
40%
#0620 Combat Shaofouine
40%
#0791 Psy Acier Solgaleo
40%
#0633 Ténèbres Dragon Solochi
40%
#0590 Plante Poison Trompignon
40%
#0563 Spectre Tutankafer
40%
#0268 Insecte Blindalys
39%
#0545 Insecte Poison Brutapode
39%
#0432 Normal Chaffreux
39%
#0413 Insecte Varies Cheniselle
39%
#0673 Plante Chevroum
39%
#0548 Plante Chlorobule
39%
#0601 Acier Cliticlic
39%
#0676 Normal Couafarel
39%
#0537 Eau Sol Crapustule
39%
#0561 Psy Vol Cryptéro
39%
#0456 Eau Écayon
39%
#0512 Plante Feuiloutan
39%
#0626 Normal Frison
39%
#0597 Plante Acier Grindur
39%
#0622 Sol Ghost Gringolem
39%
#0611 Dragon Incisache
39%
#0352 Normal Kecleon
39%
#0438 Roche Manzaï
39%
#0577 Psy Nucléos
39%
#0675 Combat Ténèbres Pandarbare
39%
#0364 Glace Eau Phogleur
39%
#0440 Normal Ptiravi
39%
#0369 Eau Roche Relicanth
39%
#0544 Insecte Poison Scobolide
39%
#0684 Fée Sucroquin
39%
#0356 Spectre Téraclope
39%
#0535 Eau Tritonde
39%
#0724 Plante Spectre Archéduc
38%
#0343 Sol Psy Balbuto
38%
#0536 Eau Sol Batracné
38%
#0267 Insecte Vol Charmillon
38%
#0558 Insecte Roche Crabaraque
38%
#0670 Fée Floette
38%
#0627 Normal Vol Furaiglon
38%
#0457 Eau Luminéon
38%
#0296 Combat Makuhita
38%
#0435 Poison Ténèbres Moufflair
38%
#0290 Insecte Sol Ningale
38%
#0728 Eau Otaquin
38%
#0636 Insecte Feu Pyronille
38%
#0294 Normal Ramboum
38%
#0422 Water Sancoki
38%
#0288 Normal Vigoroth
38%
#0455 Plante Vortente
38%
#0509 Ténèbres Chacripan
37%
#0760 Normal Combat Chelours
37%
#0401 Insecte Crikzik
37%
#0586 Normal Plante Haydaim
37%
#0449 Sol Hippopotas
37%
#0508 Normal Mastouffe
37%
#0778 Spectre Fée Mimiqui
37%
#0478 Glace Spectre Momartik
37%
#0518 Psy Mushana
37%
#0269 Insecte Poison Papinox
37%
#0710 Spectre Plante Pitrouille
37%
#0504 Normal Ratentif
37%
#0687 Ténèbres Psy Sepiatroce
37%
#0579 Psy Symbios
37%
#0329 Sol Dragon Vibraninf
37%
#0421 Plante Ceriflor
36%
#0503 Eau Clamiral
36%
#0541 Insecte Plante Couverdure
36%
#0616 Insecte Escargaume
36%
#0663 Feu Vol Flambusard
36%
#0326 Psy Groret
36%
#0628 Normal Vol Gueriaigle
36%
#0344 Sol Psy Kaorine
36%
#0408 Roche Kranidos
36%
#0605 Psy Lewsor
36%
#0745 Roche Lougaroc
36%
#0313 Insecte Muciole
36%
#0668 Feu Normal Némélios
36%
#0598 Plante Acier Noacier
36%
#0744 Roche Rocabot
36%
#0659 Normal Sapereau
36%
#0686 Ténèbres Psy Sepiatop
36%
#0757 Poison Feu Tritox
36%
#0550 Eau Bargantua
35%
#0339 Eau Sol Barloche
35%
#0588 Insecte Carabing
35%
#0634 Ténèbres Dragon Diamat
35%
#0372 Dragon Drackhaus
35%
#0694 Électrik Normal Galvaran
35%
#0655 Feu Psy Goupelin
35%
#0720 Psy Ghost Hoopa
35%
#0617 Insecte Limaspeed
35%
#0606 Psy Neitram
35%
#0574 Psy Scrutella
35%
#0423 Water Sol Tritosor
35%
#0592 Eau Spectre Viskuse
35%
#0629 Ténèbres Vol Vostourno
35%
#0411 Roche Acier Bastiodon
34%
#0652 Plante Combat Blindépique
34%
#0662 Feu Vol Braisillon
34%
#0342 Eau Ténèbres Colhomard
34%
#0779 Eau Psy Denticrisse
34%
#0719 Roche Fée Diancie
34%
#0452 Poison Ténèbres Drascore
34%
#0723 Plante Vol Efflèche
34%
#0681 Acier Spectre Exagide
34%
#0671 Fée Florges
34%
#0589 Insecte Acier Lançargot
34%
#0510 Ténèbres Léopardus
34%
#0345 Roche Plante Lilia
34%
#0314 Insecte Lumivole
34%
#0594 Eau Mamanbo
34%
#0284 Insecte Vol Maskadra
34%
#0578 Psy Méios
34%
#0608 Spectre Feu Mélancolux
34%
#0402 Insecte Mélokrik
34%
#0451 Poison Insecte Rapion
34%
#0772 Normal Type:0
34%
#0721 Feu Eau Volcanion
34%
#0672 Plante Cabriolaine
33%
#0789 Psy Cosmog
33%
#0525 Roche Géolithe
33%
#0726 Feu Matoufeu
33%
#0809 Acier Melmetal
33%
#0808 Acier Meltan
33%
#0831 Normal Moumouton
33%
#0730 Eau Fée Oratoria
33%
#0815 Feu Pyrobut
33%
#0367 Eau Serpang
33%
#0901 Sol Normal Ursaking
33%
#0769 Spectre Sol Bacabouh
32%
#0715 Vol Dragon Bruyverne
32%
#0520 Normal Vol Colombeau
32%
#0775 Normal Dodoala
32%
#0660 Normal Sol Excavarenne
32%
#0682 Fée Fluvetin
32%
#0712 Glace Grelaçon
32%
#0695 Électrik Normal Iguolta
32%
#0540 Insecte Plante Larveyette
32%
#0542 Insecte Plante Manternel
32%
#0556 Plante Maracachi
32%
#0502 Eau Mateloutre
32%
#0575 Psy Mesmérella
32%
#0505 Normal Miradar
32%
#0593 Eau Spectre Moyade
32%
#0704 Dragon Mucuscule
32%
#0759 Normal Combat Nounourson
32%
#0865 Combat Palarticho
32%
#0960 Eau Taupikeau
32%
#0630 Ténèbres Vol Vaututrice
32%
#0347 Roche Insecte Anorith
31%
#0409 Roche Charkos
31%
#0739 Combat Crabagarre
31%
#0706 Dragon Muplodocus
31%
#0576 Psy Sidérella
31%
#0714 Vol Dragon Sonistrelle
31%
#0777 Électrik Steel Togedemaru
31%
#0785 Électrik Fée Tokorico
31%
#0348 Roche Insecte Armaldo
30%
#0733 Normal Vol Bazoucan
30%
#0651 Plante Boguérisse
30%
#0708 Spectre Plante Brocélôme
30%
#0564 Eau Roche Carapagos
30%
#0591 Plante Poison Gaulet
30%
#0758 Poison Feu Malamandre
30%
#0679 Acier Spectre Monorpale
30%
#0800 Psy Necrozma
30%
#0810 Plante Ouistempo
30%
#0414 Insecte Vol Papilord
30%
#0731 Normal Vol Picassaut
30%
#0773 Normal Silvallié
30%
#0755 Plante Fée Spododo
30%
#0749 Sol Tiboudet
30%
#0770 Spectre Sol Trépassable
30%
#0346 Roche Plante Vacilys
30%
#0566 Roche Vol Arkéapti
29%
#0784 Dragon Combat Ékaïser
29%
#0692 Eau Flingouste
29%
#0450 Sol Hippodocus
29%
#0664 Insecte Lépidonille
29%
#0368 Eau Rosabyss
29%
#0788 Eau Fée Tokopisco
29%
#0685 Fée Cupcanaille
28%
#0816 Eau Larméléon
28%
#0741 Varies Vol Plumeline
28%
#0677 Psy Psystigri
28%
#0697 Roche Dragon Rexillius
28%
#0654 Feu Roussil
28%
#0888 Fée Zacian
28%
#0567 Roche Vol Aéroptéryx
27%
#0776 Feu Dragon Boumata
27%
#0740 Combat Glace Crabominable
27%
#0780 Normal Dragon Draïeul
27%
#0433 Psy Korillon
27%
#0691 Poison Dragon Kravarech
27%
#0756 Plante Fée Lampignon
27%
#0802 Combat Spectre Marshadow
27%
#0565 Eau Roche Mégapagos
27%
#0678 Psy Mistigrix
27%
#0832 Normal Moumouflon
27%
#0794 Insecte Combat Mouscoto
27%
#0729 Eau Otarlette
27%
#0921 Électrik Pohm
27%
#0713 Glace Séracrawl
27%
#0703 Roche Fée Strassie
27%
#0763 Plante Sucreine
27%
#0787 Plante Fée Tokotoro
27%
#0889 Combat Zamazenta
27%
#0771 Eau Concombaffe
26%
#0709 Spectre Plante Desséliande
26%
#0680 Acier Spectre Dimoclès
26%
#0813 Feu Flambino
26%
#0746 Eau Froussardine
26%
#0693 Eau Gamblast
26%
#0767 Insecte Eau Sovkipou
26%
#0690 Poison Eau Venalgue
26%
#0807 Électrik Zeraora
26%
#0751 Eau Insecte Araqua
25%
#0782 Dragon Bébécaille
25%
#0750 Sol Bourrinos
25%
#0823 Vol Acier Corvaillus
25%
#0790 Psy Cosmovum
25%
#0982 Normal Deusolourdo
25%
#0699 Roche Glace Dragmara
25%
#0799 Ténèbres Dragon Engloutyran
25%
#0812 Plante Gorythmic
25%
#0814 Feu Lapyro
25%
#0736 Insecte Larvibule
25%
#0738 Insecte Électrik Lucanon
25%
#0774 Roche Vol Météno
25%
#0852 Combat Poulpaf
25%
#0906 Plante Poussacha
25%
#0666 Insecte Vol Prismillon
25%
#0696 Roche Dragon Ptyranidur
25%
#0819 Normal Rongourmand
25%
#0851 Feu Insecte Scolocendre
25%
#0781 Spectre Plante Sinistrail
25%
#0747 Poison Eau Vorastérie
25%
#0737 Insecte Électrik Chrysapile
24%
#0683 Fée Cocotine
24%
#0761 Plante Croquine
24%
#0890 Poison Dragon Éthernatos
24%
#0900 Insecte Roche Hachécateur
24%
#0752 Eau Insecte Tarenbulle
24%
#0835 Électrik Voltoutou
24%
#0735 Normal Argouste
23%
#0797 Acier Vol Bamboiselle
23%
#0711 Spectre Plante Banshitrouye
23%
#0873 Glace Insecte Beldeneige
23%
#0705 Dragon Colimucus
23%
#0903 Poison Combat Farfurex
23%
#0689 Roche Eau Golgopathe
23%
#0765 Normal Psy Gouroutan
23%
#0764 Fée Guérilande
23%
#0862 Ténèbres Normal Ixon
23%
#0798 Plante Acier Katagami
23%
#0845 Vol Eau Nigosier
23%
#0688 Roche Eau Opermine
23%
#0732 Normal Vol Piclairon
23%
#0748 Poison Eau Prédastérie
23%
#0768 Insecte Eau Sarmuraï
23%
#0983 Ténèbres Acier Scalpereur
23%
#0948 Sol Plante Terracool
23%
#0854 Spectre Théffroi
23%
#0786 Psy Fée Tokopiyon
23%
#0840 Plante Dragon Verpom
23%
#0698 Roche Glace Amagara
22%
#0875 Glace Bekaglaçon
22%
#0979 Combat Spectre Courrousinge
22%
#0874 Roche Dolman
22%
#0908 Plante Ténèbres Miascarade
22%
#0753 Plante Mimantis
22%
#0820 Normal Rongrigou
22%
#0949 Sol Plante Terracruel
22%
#0871 Électrik Wattapik
22%
#0742 Insecte Fée Bombydou
21%
#0796 Électrik Câblifère
21%
#0912 Eau Coiffeton
21%
#0754 Plante Floramantis
21%
#0872 Glace Insecte Frissonille
21%
#0836 Électrik Fulgudog
21%
#0818 Eau Lézargus
21%
#0801 Acier Fée Magearna
21%
#0734 Normal Manglouton
21%
#0866 Glace Psy M. Glaquette
21%
#0821 Vol Minisange
21%
#0877 Électrik Ténèbres Morpeko
21%
#0766 Combat Quartermac
21%
#0980 Poison Sol Terraiste
21%
#0834 Eau Rock Torgamord
21%
#0837 Roche Charbi
20%
#0909 Feu Chochodile
20%
#0868 Fée Crèmy
20%
#0783 Dragon Combat Écaïd
20%
#0853 Combat Krakos
20%
#0887 Dragon Spectre Lanssorien
20%
#0904 Ténèbres Poison Qwilpik
20%
#0895 Dragon Regidrago
20%
#0743 Insecte Fée Rubombelle
20%
#0892 Combat Ténèbres Shifours
20%
#0848 Électrik Poison Toxizap
20%
#0876 Psy Normal Wimessir
20%
#0805 Roche Acier Ama-Ama
19%
#0822 Vol Bleuseille
19%
#0795 Insecte Combat Cancrelove
19%
#0869 Fée Charmilly
19%
#0864 Spectre Corayôme
19%
#0842 Plante Dragon Dratatin
19%
#0870 Combat Hexadron
19%
#1008 Électrik Dragon Miraidon
19%
#0665 Insecte Pérégrain
19%
#0922 Électrik Combat Pohmotte
19%
#0849 Électrik Poison Salarsen
19%
#0793 Roche Poison Zéroïd
19%
#0811 Plante Badabouin
18%
#0863 Acier Berserkatt
18%
#0899 Normal Psy Cerbyllin
18%
#0884 Acier Dragon Duralugon
18%
#0959 Fée Acier Forgelina
18%
#0859 Ténèbres Fée Grimalin
18%
#1007 Combat Dragon Koraidon
18%
#0928 Plante Normal Olivini
18%
#0923 Électrik Combat Pohmarmotte
18%
#0894 Électrik Regieleki
18%
#0803 Poison Vémini
18%
#0856 Psy Bibichut
17%
#0830 Plante Blancoton
17%
#0927 Fée Briochien
17%
#0935 Feu Charbambin
17%
#0828 Ténèbres Roublenard
17%
#0858 Psy Fée Sorcilence
17%
#0897 Spectre Spectreval
17%
#0945 Poison Normal Tag-Tag
17%
#0971 Spectre Toutombe
17%
#0867 Sol Spectre Tutétékri
17%
#0861 Ténèbres Fée Angoliath
16%
#0896 Glace Blizzeval
16%
#0762 Plante Candine
16%
#0963 Eau Dofin
16%
#0844 Sol Dunaconda
16%
#0925 Normal Famignol
16%
#0981 Normal Psy Farigiraf
16%
#0850 Feu Insecte Grillepattes
16%
#0882 Eau Dragon Hydragon
16%
#0937 Feu Spectre Malvalame
16%
#0907 Plante Matourgeon
16%
#0806 Feu Ghost Pierroteknik
16%
#0841 Plante Dragon Pomdrapi
16%
#0964 Eau Superdofin
16%
#0829 Plante Tournicoton
16%
#0838 Roche Feu Wagomine
16%
#0891 Combat Wushours
16%
#0893 Ténèbres Plante Zarude
16%
#0905 Fée Vol Amovénus
15%
#0924 Normal Compagnol
15%
#0843 Sol Dunaja
15%
#0885 Dragon Spectre Fantyrm
15%
#0911 Feu Spectre Flâmigator
15%
#0827 Ténèbres Goupilou
15%
#1000 Acier Ghost Gromago
15%
#0833 Eau Khélocrok
15%
#0914 Eau Combat Palmaval
15%
#0855 Spectre Polthégeist
15%
#0965 Acier Poison Vrombi
15%
#0966 Acier Poison Vrombotor
15%
#0939 Électrik Ampibidou
14%
#0817 Eau Arrozard
14%
#0825 Insecte Psy Coléodôme
14%
#1006 Fée Combat Garde-de-Fer
14%
#0934 Roche Gigansel
14%
#0804 Poison Dragon Mandrillon
14%
#0967 Dragon Normal Motorizard
14%
#0879 Acier Pachyradjah
14%
#0926 Fée Pâtachiot
14%
#0938 Électrik Têtampoule
14%
#1004 Ténèbres Feu Yuyu
14%
#0826 Insecte Psy Astronelle
13%
#0857 Psy Chapotus
13%
#0846 Eau Embrochet
13%
#0973 Vol Combat Flamenroule
13%
#0880 Électrik Dragon Galvagon
13%
#0883 Eau Glace Hydragla
13%
#0824 Insecte Larvadar
13%
#0839 Roche Feu Monthracite
13%
#1017 Plante Ogerpon
13%
#0992 Combat Électrik Paume-de-Fer
13%
#0990 Sol Acier Roue-de-Fer
13%
#1024 Normal Terapagos
13%
#0940 Électrik Vol Zapétrel
13%
#0930 Plante Normal Arboliva
12%
#0913 Eau Canarbello
12%
#0936 Feu Psy Carmadura
12%
#0878 Acier Charibari
12%
#0968 Acier Ferdeter
12%
#0860 Ténèbres Fée Fourbelin
12%
#0881 Électrik Glace Galvagla
12%
#0920 Insecte Ténèbres Gambex
12%
#0991 Glace Eau Hotte-de-Fer
12%
#0999 Ghost Mordudor
12%
#0977 Eau Oyacata
12%
#0898 Psy Plante Sylveroy
12%
#1002 Ténèbres Glace Baojian
11%
#0956 Psy Cléopsytra
11%
#0950 Roche Craparoi
11%
#0910 Feu Crocogril
11%
#1003 Ténèbres Sol Dinglu
11%
#0886 Dragon Spectre Dispareptil
11%
#0995 Roche Électrik Épine-de-Fer
11%
#0958 Fée Acier Forgella
11%
#0957 Fée Acier Forgerette
11%
#0984 Sol Combat Fort-Ivoire
11%
#0915 Normal Gourmelet
11%
#0847 Eau Hastacuda
11%
#0985 Fée Psy Hurle-Queue
11%
#1021 Électrik Dragon Ire-Foudre
11%
#0978 Dragon Eau Nigirigon
11%
#0902 Eau Spectre Paragruel
11%
#1025 Poison Spectre Pêchaminus
11%
#0951 Plante Pimito
11%
#1005 Dragon Ténèbres Rugit-Lune
11%
#0952 Plante Feu Scovilain
11%
#0917 Insecte Tissenboule
11%
#0972 Spectre Tomberro
11%
#0943 Ténèbres Dogrino
10%
#0987 Spectre Fée Flotte-Mèche
10%
#0916 Normal Fragroin
10%
#0944 Poison Normal Gribouraigne
10%
#0962 Vol Ténèbres Lestombaile
10%
#1018 Steel Dragon Pondralugon
10%
#1009 Eau Dragon Serpente-Eau
10%
#1013 Plante Spectre Théffroyable
10%
#0946 Plante Spectre Virovent
10%
#0933 Roche Amassel
9%
#0975 Glace Balbalèze
9%
#0970 Roche Poison Floréclat
9%
#0996 Dragon Glace Frigodo
9%
#0941 Électrik Vol Fulgulairo
9%
#0969 Roche Poison Germéclat
9%
#0942 Ténèbres Grondogue
9%
#0953 Insecte Léboulérou
9%
#0919 Insecte Lilliterelle
9%
#0994 Feu Poison Mite-de-Fer
9%
#0989 Électrik Sol Pelage-Sablé
9%
#0974 Glace Piétacé
9%
#1011 Plante Dragon Pomdramour
9%
#0932 Roche Selutin
9%
#0931 Normal Vol Tapatoès
9%
#1010 Plante Psy Vert-de-Fer
9%
#0947 Plante Spectre Virevorreur
9%
#1016 Poison Fée Favianos
8%
#0918 Insecte Filentrappe
8%
#0986 Plante Ténèbres Fongus-Furie
8%
#0998 Dragon Glace Glaivodo
8%
#0929 Plante Normal Olivado
8%
#0993 Ténèbres Vol Têtes-de-Fer
8%
#1023 Acier Psy Chef-de-Fer
7%
#1001 Ténèbres Plante Chongjian
7%
#0976 Eau Psy Délestin
7%
#1014 Poison Combat Félicanis
7%
#1020 Feu Dragon Feu-Perçant
7%
#0955 Psy Flotillon
7%
#1015 Poison Psy Fortusimia
7%
#1012 Plante Spectre Poltchageist
7%
#1019 Plante Dragon Pomdorochi
7%
#0988 Insecte Combat Rampe-Ailes
7%
#0954 Insecte Psy Bérasca
6%
#0997 Dragon Glace Cryodo
6%
#1022 Roche Psy Roc-de-Fer
6%
Aucun quiz correspondant
Distribution des résultats
% des personnes avec chaque résultat
Percentile par nombre de réponses
Votre historique - résultats
Vous n’avez pas pris ce quiz depuis la dernière actualisation